<The> Japan - U.S. Relationship Bilateral and Global Contexts
Enregistré dans:
| Format: | Livre |
|---|---|
| Langue: | anglais |
| Publié: |
Budapest
Hungarian Scientific Council for World Economy
1991
|
| Édition: | 1. ed. |
| Tags: |
Pas de tags, Soyez le premier à ajouter un tag!
|
MARC
| LEADER | 00000nam a2200000 4500 | ||
|---|---|---|---|
| 001 | c032605 | ||
| 005 | 20221214093912.5 | ||
| 041 | 0 | |a eng | |
| 044 | |a HU | ||
| 245 | 1 | 0 | |a <The> Japan - U.S. Relationship |b Bilateral and Global Contexts |
| 250 | |a 1. ed. | ||
| 264 | 1 | |a Budapest |b Hungarian Scientific Council for World Economy |c 1991 | |
| 300 | |a 63 s. | ||